Statistics for NFL Players by Wikipedia Descriptions

Click here to take the quiz!

General Stats

  • This quiz has been taken 8,951 times
  • The average score is 12 of 18

Answer Stats

ExcerptPlayer% Correct
For his alleged involvement in the Deflategate football-tampering scandal,
he was suspended for the first four games of the 2016 season
Tom Brady
94%
After backing up Brett Favre for the first three years of his NFL career,
he became the Packers' starting quarterback in 2008
Aaron Rodgers
91%
Earned the nickname "Beast Mode" for his powerful running styleMarshawn Lynch
89%
Nicknamed MegatronCalvin Johnson
87%
The only professional athlete in history to be named an All-Star in both baseball and footballBo Jackson
85%
Known for boldly guaranteeing a Jets' victory in Super Bowl IIIJoe Namath
75%
After a score, he trotted to the end zone goalpost and feigned pulling down his pants
to moon the Green Bay fans
Randy Moss
75%
Finished the 2016 season leading the league in passing yards with 5,208,
the fifth 5,000-yard season of his career
Drew Brees
74%
Swung a helmet at Mason RudolphMyles Garrett
73%
He ran into the backside of lineman Brandon Moore and the Patriots
scored on the resulting fumble
Mark Sanchez
64%
Joe Gibbs developed the two tight end offense and the position of h-back to prevent him from
blitzing into the backfield unhindered
Lawrence Taylor
60%
Mike Ditka stated that one of his major regrets was his lack of a touchdown in the Super BowlWalter Payton
54%
Led the league in rushing yards in eight out of his nine seasonsJim Brown
51%
He became the first running back in NFL history to lead his team in receptions
five separate seasons (three in Indianapolis and twice in St. Louis)
Marshall Faulk
51%
Made a comment that he "wasn't the guy who got tired in the Super Bowl", causing
a controversy between him and Donovan McNabb
Terrell Owens
45%
In 1989, his name became synonymous with the largest trade in league historyHerschel Walker
37%
Retired from pro football in August 1976 as the oldest player to ever play at the age of 48George Blanda
31%
The first defensive player to win the MVP AwardAlan Page
18%

Score Distribution

Percentile by Number Answered

Percent of People with Each Score

Your Score History

You have not taken this quiz